| 000 | 00706nam a2200241Ia 4500 | ||
|---|---|---|---|
| 003 | OSt | ||
| 005 | 20221005124643.0 | ||
| 006 | a|||||r|||| 00| 0 | ||
| 007 | ta | ||
| 008 | 221004b |||||||| |||| 00| 0 eng d | ||
| 024 | _a66882 | ||
| 037 | _cTextual | ||
| 040 |
_aCRL _cCRL _beng |
||
| 041 |
_2eng _aeng |
||
| 082 | _aV73:12:N6, L3 | ||
| 100 |
_aGrodzins Morton, etc. _9635589 |
||
| 245 | 0 |
_aNation of states _b Essays on the American federal system, ed by Robert A.Goldwin |
|
| 260 | _c1973 | ||
| 490 | _aRand McNally public affair series | ||
| 650 |
_aUNITED STATES - HISTORY _931585 |
||
| 942 |
_hV73:12:N6, L3 _cTEXL _2cc |
||
| 999 |
_c1051159 _d1051159 |
||